[Event "Superettan(Rodeby-Schack 08)"]
[Site "?"]
[Date "2012.02.25"]
[Round "6"]
[White "Schutz, Ingemar"]
[Black "Wahlbom, Magnus"]
[Result "1/2-1/2"]
[WhiteElo "2233"]
[BlackElo "2289"]
[PlyCount "122"]

1. e4 e6 2. d4 d5 3. Nc3 Bb4 4. e5 b6 5. Qg4 Bf8 6. Bb5+ c6 7. Ba4 Bb7 8. Nf3
Nd7 9. O-O Qc7 10. Ng5 Nh6 11. Qh5 g6 12. Qf3 Bg7 13. Re1 a6 14. Ne2 Nf8 15.
Bd2 Nf5 16. g4 h6 17. gxf5 hxg5 18. fxg6 Nxg6 19. Bxg5 Bh6 20. Bf6 Rh7 21. c3
Kd7 22. Bc2 Rg8 23. Kh1 Bf8 24. Rg1 c5 25. Bxg6 fxg6 26. Nf4 Rh6 27. Rg2 Bc8
28. Bg5 Rh7 29. Rag1 Ke8 30. Bf6 cxd4 31. cxd4 Qc2 32. Nd3 Bd7 33. Rxg6 Rxg6
34. Rxg6 Bb5 35. Nf4 Bh6 36. Bg5 Qc1+ 37. Kg2 Bxg5 38. Rxg5 Rf7 39. Rg4 Bf1+
40. Kg3 Qxb2 41. Rg8+ Kd7 42. Qh5 Qa3+ 43. f3 Qe7 44. Ng6 Qb4 45. Qg5 Kc6 46.
Qd8 Qe1+ 47. Kg4 Bh3+ 48. Kxh3 Rxf3+ 49. Kg4 Qe4+ 50. Kh5 Rh3+ 51. Nh4 Qh7+ 52.
Kg4 Rxh4+ 53. Qxh4 Qxg8+ 54. Qg5 Qh7 55. h4 Qe4+ 56. Qf4 Qg6+ 57. Kf3 Qd3+ 58.
Kg2 Qe2+ 59. Kg3 Qd3+ 60. Kg4 Qg6+ 61. Qg5 Qe4+ 1/2-1/2

[Event "Superettan(Rodeby-Schack 08)"]
[Site "?"]
[Date "2012.02.25"]
[Round "6"]
[White "Ostling, Hakan"]
[Black "Faldt, Magnus"]
[Result "1-0"]
[WhiteElo "2247"]
[BlackElo "2216"]
[PlyCount "85"]

1. d4 d5 2. Bf4 Nf6 3. e3 Bf5 4. c4 e6 5. Nc3 c6 6. Qb3 Qb6 7. c5 Qxb3 8. axb3
Nbd7 9. Nf3 Nh5 10. b4 Nxf4 11. exf4 Be7 12. b5 O-O 13. bxc6 bxc6 14. Ra6 Rfb8
15. Rxc6 Rxb2 16. Nd1 Ra2 17. Ra6 Rc2 18. Bb5 Nxc5 19. dxc5 Rxc5 20. Be2 Rc2
21. Nd4 Bb4+ 22. Kf1 Rd2 23. Nxf5 exf5 24. Bf3 Re8 25. g3 d4 26. Rxa7 d3 27.
Kg2 g6 28. Bd5 Rd8 29. Bxf7+ Kf8 30. Bb3 h5 31. Rb7 Bc5 32. Kf3 Re2 33. Bc4 Re4
34. Bb3 d2 35. Ne3 Bxe3 36. fxe3 Rd3 37. Bd1 h4 38. Kf2 Rdxe3 39. Bf3 Re6 40.
Rd1 Rd3 41. Rb2 Ree3 42. Be2 hxg3+ 43. hxg3 1-0

[Event "Superettan(Rodeby-Schack 08)"]
[Site "?"]
[Date "2012.02.25"]
[Round "6"]
[White "Fredriksson, Leif"]
[Black "Laksman, Efraim"]
[Result "1/2-1/2"]
[WhiteElo "2215"]
[BlackElo "2122"]
[PlyCount "45"]

1. e4 c5 2. Nf3 Nc6 3. d4 cxd4 4. Nxd4 Qb6 5. Nb3 Nf6 6. Nc3 e6 7. Bd3 a6 8.
O-O Be7 9. Be3 Qc7 10. a4 b6 11. f4 d6 12. Qf3 Bb7 13. Qh3 Nb4 14. a5 b5 15.
Bb6 Qd7 16. Rac1 e5 17. f5 Rc8 18. Rf2 h5 19. Bf1 Ng4 20. Re2 Bd8 21. Bxd8 Qxd8
22. Qf3 Qh4 23. g3 1/2-1/2

[Event "Superettan(Rodeby-Schack 08)"]
[Site "?"]
[Date "2012.02.25"]
[Round "6"]
[White "Eriksson, Bengt"]
[Black "Arvidsson, Tomas"]
[Result "1-0"]
[WhiteElo "2092"]
[BlackElo "2059"]
[PlyCount "59"]

1. d4 Nf6 2. c4 g6 3. Bg5 Bg7 4. Nc3 h6 5. Bf4 g5 6. Bg3 d6 7. e4 O-O 8. f4 Ng4
9. Qd2 e5 10. fxe5 dxe5 11. O-O-O Qxd4 12. Qxd4 exd4 13. Nb5 Na6 14. Nf3 c5 15.
h4 f6 16. a3 Ne3 17. hxg5 fxg5 18. Re1 Be6 19. b3 g4 20. Ne5 Kh7 21. Nd3 Bd7
22. Bf4 Nxf1 23. Rexf1 Rae8 24. Nd6 Re6 25. Nf5 Rxf5 26. exf5 Re2 27. Bd2 Rxg2
28. f6 Bf8 29. Bxh6 Kg8 30. f7+ 1-0

[Event "Superettan(Rodeby-Schack 08)"]
[Site "?"]
[Date "2012.02.25"]
[Round "6"]
[White "Dahlqvist, Ulf"]
[Black "Karlsson, Robert"]
[Result "0-1"]
[WhiteElo "2018"]
[BlackElo "2031"]
[PlyCount "80"]

1. d4 d5 2. Nf3 Nf6 3. c4 c6 4. Qc2 g6 5. g3 Na6 6. Bg2 Bg7 7. O-O O-O 8. Bf4
Nb4 9. Qd2 a5 10. Nc3 dxc4 11. Bh6 Qb6 12. Bxg7 Kxg7 13. e4 Rd8 14. e5 Nfd5 15.
Ne4 Qc7 16. a3 Na6 17. a4 Nab4 18. Rfc1 b5 19. Nc5 Ra7 20. h4 Bf5 21. h5 Nd3
22. Nh4 Nxc1 23. Nxf5+ gxf5 24. Qg5+ Kh8 25. Rxc1 Qc8 26. h6 Rg8 27. Qh5 e6 28.
Bxd5 exd5 29. Re1 Rg6 30. e6 fxe6 31. Qh4 Ra8 32. Qe7 Qe8 33. Qd6 Rxh6 34. Rxe6
Rxe6 35. Nxe6 Qf7 36. Qe5+ Kg8 37. Ng5 Qg6 38. Nf3 Re8 39. Qf4 Qg4 40. Qh6 Qxf3
0-1

[Event "Superettan(Rodeby-Schack 08)"]
[Site "?"]
[Date "2012.02.25"]
[Round "6"]
[White "Dolgov, Mikhail"]
[Black "Eriksson, Sven"]
[Result "1-0"]
[WhiteElo "1963"]
[BlackElo "1706"]
[PlyCount "57"]

1. e4 e6 2. d4 d5 3. e5 c5 4. c3 Nc6 5. Nf3 Qb6 6. Bd3 Bd7 7. dxc5 Bxc5 8. b4
Bxf2+ 9. Ke2 Nh6 10. Bxh6 gxh6 11. Qc1 d4 12. Kxf2 dxc3+ 13. Ke2 Nxb4 14. Nxc3
Nxd3 15. Kxd3 Bc6 16. Ke2 Rg8 17. g3 Qa6+ 18. Kf2 Qb6+ 19. Qe3 Qb2+ 20. Ne2 Rg4
21. Rhb1 Qc2 22. Nfd4 Rxd4 23. Qxd4 Rd8 24. Qc3 Qe4 25. Nf4 f6 26. Rb3 Qf5 27.
Re1 Rd5 28. exf6 e5 29. Kg1 1-0

[Event "Superettan(Farsta-Upsala)"]
[Site "?"]
[Date "2012.02.25"]
[Round "6"]
[White "Andersson, Fredrik"]
[Black "Sammalvuo, Tapani"]
[Result "0-1"]
[WhiteElo "2374"]
[BlackElo "2527"]
[PlyCount "94"]
[SourceDate "2012.02.29"]

1. d4 Nf6 2. c4 e6 3. Nf3 b6 4. g3 Ba6 5. Qc2 Bb4+ 6. Bd2 Be7 7. Bg2 c6 8. O-O
d5 9. cxd5 cxd5 10. Nc3 O-O 11. Ne5 Nfd7 12. Nxd7 Qxd7 13. Rfd1 Nc6 14. Bf4 Bf6
15. Qa4 Qb7 16. e3 Rfd8 17. h4 h6 18. h5 Bc4 19. Nb5 Be7 20. Rac1 a6 21. Na3 b5
22. Qc2 Bxa3 23. bxa3 Qe7 24. Qb2 Rac8 25. Rc3 f6 26. g4 e5 27. Bg3 exd4 28.
exd4 Qe2 29. Qxe2 Bxe2 30. Rdc1 Bc4 31. Rd1 Bxa2 32. Rc5 Nxd4 33. Rxc8 Ne2+ 34.
Kh2 Rxc8 35. Bxd5+ Bxd5 36. Rxd5 Nxg3 37. Kxg3 Rc3+ 38. Kf4 Rxa3 39. Kf5 Kh7
40. f4 b4 41. Rd7 Ra5+ 42. Ke6 Rb5 43. Rd1 b3 44. Kd6 b2 45. Rb1 a5 46. Kc6 Rb8
47. Kc7 Rb3 0-1

[Event "Superettan(Farsta-Upsala)"]
[Site "?"]
[Date "2012.02.25"]
[Round "6"]
[White "Livner, Anders"]
[Black "Johansson, Jan"]
[Result "0-1"]
[WhiteElo "2439"]
[BlackElo "2433"]
[PlyCount "76"]

1. d4 Nf6 2. c4 e6 3. Nf3 Bb4+ 4. Nbd2 d5 5. Qa4+ Nc6 6. e3 O-O 7. a3 Bxd2+ 8.
Bxd2 Ne4 9. Qc2 f5 10. b4 Ne7 11. Rc1 c6 12. b5 Ng6 13. cxd5 cxd5 14. Be2 Bd7
15. O-O Rc8 16. Qb2 Qf6 17. Bb4 Rfd8 18. g3 Ng5 19. Nxg5 Qxg5 20. Bd6 Qf6 21.
Rxc8 Rxc8 22. Rc1 Qd8 23. Rxc8 Qxc8 24. Kg2 Nh8 25. h4 Nf7 26. Bf4 h6 27. h5
Ng5 28. Qb4 Ne4 29. Qe7 Be8 30. a4 Nc3 31. Bd3 Nxa4 32. g4 Nb2 33. Be2 fxg4 34.
Bxg4 Bf7 35. Qa3 Qc2 36. Qc5 Nc4 37. Qc8+ Kh7 38. Bxe6 Qe4+ 0-1

[Event "Superettan(Farsta-Upsala)"]
[Site "?"]
[Date "2012.02.25"]
[Round "6"]
[White "Glimbrant, Torbjorn"]
[Black "Ong, Kezli"]
[Result "1/2-1/2"]
[WhiteElo "2333"]
[BlackElo "2327"]
[PlyCount "97"]

1. Nf3 Nf6 2. c4 e6 3. Nc3 Bb4 4. Qc2 O-O 5. a3 Bxc3 6. Qxc3 b6 7. e3 Bb7 8.
Be2 d6 9. b4 Nbd7 10. Bb2 c5 11. O-O Rc8 12. Rfd1 Qe7 13. d4 Ne4 14. Qc2 f5 15.
Nd2 Qh4 16. Nxe4 fxe4 17. g3 Qf6 18. Bg4 Qg6 19. Qe2 cxd4 20. Bxd4 Rf3 21. Bxf3
exf3 22. Qf1 e5 23. Bb2 Qe6 24. Rac1 Nf6 25. h3 Ne4 26. c5 bxc5 27. bxc5 Rxc5
28. Rxc5 Nxc5 29. Kh2 Ba6 30. Qe1 Nd3 31. Qd2 h5 32. Ba1 Kh8 33. e4 Bc8 34. g4
hxg4 35. Qxd3 g3+ 36. Kg1 Qxh3 37. Qxf3 Qh2+ 38. Kf1 Ba6+ 39. Ke1 Qg1+ 40. Kd2
Qxf2+ 41. Qxf2 gxf2 42. Bc3 f1=Q 43. Rxf1 Bxf1 44. Bb4 Bg2 45. Bxd6 Bxe4 46.
Bxe5 Kh7 47. Bb8 a6 48. Ke3 Bc6 49. Bf4 1/2-1/2

[Event "Superettan(Farsta-Upsala)"]
[Site "?"]
[Date "2012.02.25"]
[Round "6"]
[White "von Bahr, Oskar"]
[Black "Burwick, Malte"]
[Result "1/2-1/2"]
[WhiteElo "2348"]
[BlackElo "2302"]
[PlyCount "26"]

1. e4 g6 2. d4 Bg7 3. Nc3 d6 4. Be3 a6 5. h4 h6 6. Qd2 Nd7 7. f4 h5 8. Nf3 Nh6
9. O-O-O c6 10. Bd3 Nf6 11. Ng5 Nfg4 12. Rhf1 Qa5 13. Bg1 d5 1/2-1/2

[Event "Superettan(Farsta-Upsala)"]
[Site "?"]
[Date "2012.02.25"]
[Round "6"]
[White "Lundvik, Jonas"]
[Black "Hjelm, Niclas"]
[Result "0-1"]
[WhiteElo "2293"]
[BlackElo "2367"]
[PlyCount "170"]

1. d4 d5 2. Nf3 Nf6 3. Bf4 c5 4. c3 cxd4 5. cxd4 Nc6 6. Nc3 Bf5 7. e3 e6 8. Bd3
Bxd3 9. Qxd3 Bd6 10. Bxd6 Qxd6 11. O-O O-O 12. Rfc1 Rfc8 13. Na4 Rc7 14. Nc5
Rac8 15. Rc3 Nb4 16. Qb5 b6 17. Qxb4 bxc5 18. dxc5 Rxc5 19. Rac1 Rxc3 20. Rxc3
Qxb4 21. Rxc8+ Qf8 22. Rxf8+ Kxf8 23. Ne5 Ne8 24. Kf1 a6 25. Ke2 Ke7 26. b4 f6
27. Nd3 Kd6 28. Nc5 Nc7 29. f4 Kc6 30. Kd3 a5 31. a3 axb4 32. axb4 e5 33. g4
Kb5 34. Kc3 d4+ 35. exd4 exf4 36. Kd3 Kxb4 37. Ke4 Kc4 38. Kxf4 Kxd4 39. Nb3+
Kc4 40. Nd2+ Kd3 41. Nf3 g6 42. h4 Ne6+ 43. Kg3 Nd4 44. Ne1+ Kd2 45. Ng2 g5 46.
Kf2 Kd3 47. hxg5 fxg5 48. Ne1+ Ke4 49. Ng2 Ne6 50. Kg3 Nf4 51. Ne1 Ne2+ 52. Kh3
Nd4 53. Kg3 h6 54. Ng2 Ne2+ 55. Kf2 Nf4 56. Ne3 Nd3+ 57. Ke2 Ne5 58. Kf2 Kf4
59. Nd5+ Kxg4 60. Kg2 Nd3 61. Ne3+ Kf4 62. Nd5+ Ke4 63. Nc3+ Kf5 64. Kf3 h5 65.
Ne2 Ne5+ 66. Kg3 Nc6 67. Kh3 Kg6 68. Kg3 Ne7 69. Nc3 Kf5 70. Ne2 Ng6 71. Nd4+
Ke5 72. Nf3+ Kf6 73. Nd2 Kf5 74. Nc4 h4+ 75. Kf2 Ne5 76. Ne3+ Ke4 77. Nf1 Kf4
78. Kg2 g4 79. Kf2 Nc4 80. Kg1 g3 81. Kh1 Kf3 82. Kg1 h3 83. Kh1 g2+ 84. Kh2
gxf1=R 85. Kxh3 Rh1# 0-1

[Event "Superettan(Farsta-Upsala)"]
[Site "?"]
[Date "2012.02.25"]
[Round "6"]
[White "Lissang, Christopher"]
[Black "Johansson, Thomas"]
[Result "1/2-1/2"]
[WhiteElo "2300"]
[BlackElo "2249"]
[PlyCount "130"]

1. d4 Nf6 2. c4 e6 3. g3 c5 4. d5 exd5 5. cxd5 d6 6. Bg2 g6 7. Nc3 a6 8. a4 Bg7
9. Nf3 O-O 10. O-O Nbd7 11. Nd2 Rb8 12. Nc4 Ne8 13. a5 Ne5 14. Nb6 Nd7 15. Nc4
Ne5 16. Ne3 Ng4 17. Nc4 Ne5 18. Nd2 Bd7 19. h3 Bb5 20. f4 Nd7 21. Nxb5 axb5 22.
Qb3 Nc7 23. Ne4 Nf6 24. Nc3 Qd7 25. e4 Rfe8 26. e5 dxe5 27. fxe5 Rxe5 28. Bf4
Nh5 29. Bxe5 Bxe5 30. Ne2 c4 31. Qa3 Bd6 32. Qf3 Re8 33. Nf4 Nxf4 34. gxf4 Bc5+
35. Kh2 Re3 36. Qg4 f5 37. Qd1 Qd6 38. Rf3 Re4 39. b3 Rxf4 40. Kh1 Rxf3 41.
Qxf3 Qe5 42. Rd1 Bd6 43. Kg1 c3 44. Qf2 b4 45. Bf1 Qe7 46. Kh1 Qe4+ 47. Qg2 Qe5
48. Qe2 Qf4 49. Kg1 Kf7 50. Kh1 Kf6 51. Kg1 h5 52. Kh1 Nb5 53. Rd3 Na3 54. Rf3
Qh2+ 55. Qxh2 Bxh2 56. Bd3 Be5 57. Rf2 Bd4 58. Re2 Be5 59. Kg2 g5 60. Rf2 f4
61. Kf3 Bd4 62. Re2 Be3 63. Rg2 Bd2 64. Ke2 Be3 65. Kf3 Bd2 1/2-1/2

[Event "Superettan(Farsta-Upsala)"]
[Site "?"]
[Date "2012.02.25"]
[Round "6"]
[White "Lindberg, Henrik"]
[Black "Hedin, Gunnar"]
[Result "1/2-1/2"]
[WhiteElo "2264"]
[BlackElo "2126"]
[PlyCount "63"]

1. e4 e6 2. d4 d5 3. Nc3 Bb4 4. e5 c5 5. dxc5 Qc7 6. Nf3 Nc6 7. Bf4 Nge7 8. Bd3
f5 9. O-O Bxc3 10. bxc3 O-O 11. Re1 Qa5 12. Qd2 Qxc5 13. h4 Bd7 14. Rab1 Na5
15. h5 h6 16. Rb4 Rf7 17. Nh4 Rc8 18. Be3 Qxc3 19. Qxc3 Rxc3 20. Bxa7 Ra3 21.
Bc5 Rxa2 22. Ng6 Nec6 23. Rbb1 Be8 24. Bb6 Nc4 25. Bxc4 dxc4 26. Ra1 Ra6 27.
Rxa6 bxa6 28. Ra1 Nb8 29. Bc5 Bb5 30. Bd6 Rb7 31. Rd1 Kf7 32. c3 1/2-1/2

[Event "Superettan(Farsta-Upsala)"]
[Site "?"]
[Date "2012.02.25"]
[Round "6"]
[White "Jaderberg, Bjorn"]
[Black "Marttala, Thomas"]
[Result "1/2-1/2"]
[WhiteElo "2207"]
[BlackElo "2238"]
[PlyCount "73"]

1. c4 e6 2. g3 d5 3. Bg2 c6 4. Nf3 Nd7 5. cxd5 exd5 6. O-O Ngf6 7. b3 Be7 8.
Bb2 O-O 9. d3 Re8 10. Nbd2 a5 11. Qc2 Bf8 12. e4 dxe4 13. dxe4 a4 14. e5 Nd5
15. Ne4 h6 16. bxa4 N7b6 17. Nc3 Nb4 18. Qe4 Qd3 19. Rfd1 Qxe4 20. Nxe4 Nxa4
21. Bd4 Nc2 22. Rac1 Nxd4 23. Rxd4 Nb6 24. Rd2 Be6 25. Nd6 Bxd6 26. exd6 Red8
27. Rb2 Nc4 28. Rxb7 Rxd6 29. Bf1 Nd2 30. Nxd2 Rxd2 31. Bc4 Bxc4 32. Rxc4 Raxa2
33. Rf4 f6 34. Rg4 g5 35. Re4 Re2 36. Rd4 Red2 37. Re4 1/2-1/2

[Event "Superettan(Orgryte-Orebro)"]
[Site "?"]
[Date "2012.02.25"]
[Round "6"]
[White "Lundin, Jan"]
[Black "Frisk Kockum, Anton"]
[Result "0-1"]
[WhiteElo "2323"]
[BlackElo "2420"]
[PlyCount "140"]
[SourceDate "2012.03.13"]

1. e4 e6 2. d4 d5 3. e5 c5 4. c3 Nc6 5. Nf3 Bd7 6. Be2 Nge7 7. Na3 Nf5 8. Nc2
Be7 9. O-O O-O 10. Bd3 cxd4 11. Bxf5 exf5 12. Ncxd4 Be6 13. Qd3 Qd7 14. Re1 h6
15. Nb3 Kh8 16. h4 Rad8 17. Be3 b6 18. Rad1 d4 19. Nbxd4 Nxd4 20. Bxd4 Qa4 21.
Ra1 g5 22. hxg5 Rg8 23. gxh6 Qc6 24. Re3 Rg6 25. Ne1 f4 26. Qe4 Qb5 27. Rf3
Qxb2 28. Rb1 Qxa2 29. Rxf4 Rdg8 30. Rxf7 Bxf7 31. e6+ Bf6 32. h7 Kxh7 33. exf7
Qxf7 34. Rb5 Kg7 35. Nf3 Bxd4 36. cxd4 Qf6 37. Re5 Rf8 38. Re7+ Kg8 39. g3 a5
40. Kg2 a4 41. Re8 Rh6 42. Qa8 a3 43. Qd5+ Kg7 44. Rxf8 Qxf8 45. Ne5 Qe7 46. f4
Qc7 47. Qb3 Qb7+ 48. d5 Rd6 49. Qxa3 Qxd5+ 50. Nf3 Re6 51. Qc3+ Kg8 52. Qc8+
Kg7 53. Qc3+ Kg8 54. Qc8+ Kf7 55. Qc2 b5 56. Qh7+ Ke8 57. Qg8+ Kd7 58. Qg4 Kc7
59. f5 Re4 60. Qh5 b4 61. Kh3 b3 62. Qh7+ Kb6 63. Ng5 Re1 64. Qg6+ Ka5 65. Qf6
Rh1+ 66. Kg4 Qc4+ 67. Kf3 Rf1+ 68. Ke3 Re1+ 69. Kf3 Qe2+ 70. Kf4 Rf1+ 0-1

[Event "Superettan(Orgryte-Orebro)"]
[Site "?"]
[Date "2012.02.25"]
[Round "6"]
[White "Arnelind, Mikael"]
[Black "Gruvaeus, Curt"]
[Result "1-0"]
[WhiteElo "2193"]
[BlackElo "2329"]
[PlyCount "63"]

1. d4 Nf6 2. c4 c5 3. d5 e6 4. Nc3 exd5 5. cxd5 d6 6. e4 g6 7. f4 a6 8. Nf3 Bg7
9. a4 O-O 10. Be2 Re8 11. Nd2 Ng4 12. Bxg4 Qh4+ 13. g3 Qxg4 14. Qxg4 Bxg4 15.
Kf2 f5 16. h3 Bh5 17. Nc4 Rd8 18. e5 dxe5 19. fxe5 Nd7 20. Re1 b5 21. axb5 axb5
22. Rxa8 Rxa8 23. Nxb5 h6 24. d6 g5 25. Nc7 Rb8 26. e6 Bd4+ 27. Be3 Ne5 28.
Bxd4 Nd3+ 29. Kf1 Nxe1 30. Bf6 Nf3 31. d7 Nd4 32. Bxd4 1-0

[Event "Superettan(Orgryte-Orebro)"]
[Site "?"]
[Date "2012.02.25"]
[Round "6"]
[White "Lind, Jan-Olov"]
[Black "Ziegler, Ari"]
[Result "0-1"]
[WhiteElo "2251"]
[BlackElo "2411"]
[PlyCount "98"]
[EventDate "2012.??.??"]

1. e4 e6 2. Nf3 d5 3. Nc3 Nf6 4. e5 Nfd7 5. d4 c5 6. dxc5 Nc6 7. Bf4 Nxc5 8.
Bd3 Be7 9. Qd2 g5 10. Bxg5 Nxd3+ 11. cxd3 Nxe5 12. Bxe7 Nxf3+ 13. gxf3 Qxe7 14.
d4 Qf6 15. Qe3 O-O 16. O-O-O Bd7 17. Kb1 Kh8 18. Ka1 Rg8 19. Rhg1 Rac8 20. Rg3
Rg6 21. Rdg1 a6 22. f4 Rc4 23. Rd1 Qf5 24. Qe5+ Qxe5 25. fxe5 Kg7 26. Kb1 Be8
27. Rdd3 f6 28. b3 Rc7 29. f4 fxe5 30. fxe5 b5 31. Kb2 b4 32. Nd1 Rxg3 33.
Rxg3+ Bg6 34. Rg2 Kh6 35. a3 a5 36. axb4 axb4 37. Ne3 Rc3 38. Ng4+ Kg5 39. Nf6+
Kf4 40. Nd7 Be4 41. Re2 Kf3 42. Re1 Rc2+ 43. Ka1 Rxh2 44. Nc5 Bf5 45. Na6 h5
46. Nxb4 h4 47. Nc6 h3 48. b4 Rg2 49. Rf1+ Kg3 0-1

[Event "Superettan(Orgryte-Orebro)"]
[Site "?"]
[Date "2012.02.25"]
[Round "6"]
[White "Kumar, Rahul"]
[Black "Blomstrom, Lars"]
[Result "1-0"]
[WhiteElo "2154"]
[BlackElo "2142"]
[PlyCount "59"]

1. Nf3 Nf6 2. d4 g6 3. Bg5 Bg7 4. e3 O-O 5. Bd3 d6 6. O-O Nbd7 7. Nbd2 e5 8. c3
Qe8 9. dxe5 dxe5 10. e4 h6 11. Bh4 Nh5 12. Nc4 Nf4 13. Bc2 a5 14. Ba4 Qe6 15.
Ne3 Nc5 16. Bc2 a4 17. b4 axb3 18. axb3 Rxa1 19. Qxa1 Qc6 20. Nc4 Qe6 21. Qa7
Qg4 22. Ne3 Qh5 23. Qxc5 c6 24. Bd1 f5 25. Be7 fxe4 26. Bxf8 Bxf8 27. Qc4+ Be6
28. Qxe4 Bd5 29. Nxd5 Qg4 30. Nxf4 1-0

[Event "Superettan(Orgryte-Orebro)"]
[Site "?"]
[Date "2012.02.25"]
[Round "6"]
[White "Jonsson, Krister"]
[Black "Eksmyr, Johan"]
[Result "0-1"]
[WhiteElo "2141"]
[BlackElo "2114"]
[PlyCount "62"]

1. d4 Nf6 2. c4 g6 3. Nc3 d5 4. Nf3 Bg7 5. Qb3 dxc4 6. Qxc4 O-O 7. e4 a6 8. Be2
b5 9. Qd3 Bb7 10. a3 c5 11. dxc5 Nbd7 12. b4 Nxe4 13. Bb2 Ndxc5 14. bxc5 Nxc3
15. Rc1 Nxe2 16. Qxe2 Qa5+ 17. Kf1 Bxb2 18. Qxb2 Rac8 19. Ne5 Rfd8 20. c6 Qd2
21. Qxd2 Rxd2 22. Ke1 Ra2 23. Rc3 Ba8 24. c7 Bxg2 25. Nd7 Bxh1 26. Nb6 Bb7 27.
Nxc8 Bxc8 28. Rd3 Bf5 29. Rd8+ Kg7 30. c8=Q Bxc8 31. Rxc8 Rxa3 0-1

[Event "Superettan(Orgryte-Orebro)"]
[Site "?"]
[Date "2012.02.25"]
[Round "6"]
[White "Forsberg, Jan-Olof"]
[Black "Larsson, Patrik"]
[Result "1/2-1/2"]
[WhiteElo "2119"]
[BlackElo "1976"]
[PlyCount "45"]

1. d4 Nf6 2. c4 c5 3. d5 e5 4. Nc3 d6 5. e4 Be7 6. g3 a6 7. a4 h5 8. h4 Nbd7 9.
Nh3 Rb8 10. Ng5 Nf8 11. Bh3 Bxh3 12. Nxh3 Qc8 13. Qf3 N8h7 14. Qg2 b6 15. f3
Nd7 16. Nf2 Qd8 17. Ncd1 g6 18. Ne3 O-O 19. Qh3 Kh8 20. g4 Ndf6 21. g5 Ne8 22.
Ng2 Nc7 23. O-O 1/2-1/2

[Event "Superettan(Orgryte-Orebro)"]
[Site "?"]
[Date "2012.02.25"]
[Round "6"]
[White "Skoog, Daniel"]
[Black "Svedberg, Hans"]
[Result "0-1"]
[WhiteElo "1826"]
[BlackElo "2089"]
[PlyCount "136"]

1. c4 e5 2. Nc3 Nf6 3. Nf3 Nc6 4. g3 Bb4 5. Bg2 O-O 6. O-O Re8 7. d3 h6 8. Nd5
Bc5 9. a3 a5 10. Rb1 d6 11. Bd2 Nxd5 12. cxd5 Ne7 13. b4 axb4 14. axb4 Bb6 15.
Qb3 Bd7 16. b5 Nf5 17. Bc3 Nd4 18. Bxd4 exd4 19. Qb2 Qf6 20. Nd2 Ra5 21. Nc4
Rxb5 22. Qa2 Bc5 23. Rxb5 Bxb5 24. Bf3 b6 25. Rb1 Bd7 26. Nd2 Qd8 27. Ne4 g6
28. Nxc5 dxc5 29. Qa7 Bh3 30. Qb7 h5 31. Qc6 Bd7 32. Qb7 Bg4 33. Ra1 Bxf3 34.
exf3 Qd6 35. Ra7 Rd8 36. Qxc7 Qxc7 37. Rxc7 Rxd5 38. Kf1 Re5 39. Rc6 Re6 40.
Rc7 Kg7 41. f4 Kf6 42. h3 Rd6 43. Kg2 Ke6 44. Kf3 f5 45. g4 Kd5 46. gxf5 b5 47.
fxg6 Rxg6 48. f5 Rf6 49. Kf4 c4 50. Kg5 Rf8 51. dxc4+ bxc4 52. Kg6 d3 53. f6
Rd8 54. f7 d2 55. f8=Q Rxf8 56. Rd7+ Ke4 57. Rxd2 c3 58. Ra2 Kd3 59. Kxh5 c2
60. Rxc2 Kxc2 61. h4 Kd3 62. Kg6 Ke4 63. h5 Rg8+ 64. Kf7 Ra8 65. Kg6 Ra6+ 66.
Kg7 Kf5 67. h6 Ra7+ 68. Kh8 Kg6 0-1

[Event "Superettan(Schack 08-Lulea)"]
[Site "?"]
[Date "2012.03.09"]
[Round "7"]
[White "Astrom, Robert"]
[Black "Ingbrant, Johan"]
[Result "1-0"]
[WhiteElo "2464"]
[BlackElo "2493"]
[PlyCount "91"]
[EventDate "2012.??.??"]
[SourceDate "2012.03.14"]

1. d4 d6 2. Nf3 Bg4 3. c4 Nd7 4. g3 Bxf3 5. exf3 g6 6. Nc3 Bg7 7. Be3 c5 8. d5
Bxc3+ 9. bxc3 Qa5 10. Qb3 Ngf6 11. Be2 O-O 12. O-O b5 13. cxb5 c4 14. Bxc4 Rfc8
15. Rfc1 Nb6 16. Bf1 Nbxd5 17. Bd2 Nb6 18. a4 d5 19. Qb4 Qxb4 20. cxb4 Rxc1 21.
Bxc1 Nc4 22. Bg5 Kg7 23. Bxc4 dxc4 24. Rc1 Nd5 25. Rxc4 f6 26. Be3 Kf7 27. Bc5
f5 28. a5 Ke6 29. Rc1 Kd7 30. Rd1 e6 31. b6 axb6 32. Bxb6 Kc6 33. Bc5 Kb5 34.
Rd4 Rd8 35. f4 Rc8 36. Kf1 h5 37. h4 Rc6 38. Ke1 Ka4 39. Rd1 Kb5 40. Ra1 Ra6
41. Kd2 Kc4 42. Rc1+ Kb5 43. Kd3 Rc6 44. Ra1 Nc7 45. a6 Rxa6 46. Rxa6 1-0

[Event "Superettan(Schack 08-Lulea)"]
[Site "?"]
[Date "2012.03.09"]
[Round "7"]
[White "Renman, Nils-Gustaf"]
[Black "Larsson, Anders"]
[Result "1/2-1/2"]
[WhiteElo "2417"]
[BlackElo "2362"]
[PlyCount "64"]
[EventDate "2012.??.??"]

1. d4 d6 2. Nf3 Bg4 3. g3 Bxf3 4. exf3 d5 5. c4 c6 6. Nc3 e6 7. Qb3 Qb6 8. c5
Qc7 9. f4 g6 10. Qa4 Bg7 11. Be3 Ne7 12. b4 Nd7 13. Rc1 Nf5 14. b5 O-O 15. Be2
Nxc5 16. dxc5 d4 17. bxc6 dxc3 18. cxb7 Qxb7 19. O-O Nxe3 20. fxe3 Qd5 21. c6
Qc5 22. Kf2 Rab8 23. Rb1 Rb2 24. Rxb2 cxb2 25. Qc4 Qd6 26. Qc2 Rc8 27. Bf3 Qb4
28. Rd1 Qb6 29. a4 h5 30. h4 Bf6 31. Be4 Kg7 32. Qc4 Rd8 1/2-1/2

[Event "Superettan(Schack 08-Lulea)"]
[Site "?"]
[Date "2012.03.09"]
[Round "7"]
[White "Setterqvist, Kurt"]
[Black "Laveryd, Peter"]
[Result "1/2-1/2"]
[WhiteElo "2341"]
[BlackElo "2426"]
[PlyCount "73"]

1. Nf3 Nc6 2. d4 d5 3. g3 Nf6 4. Bg2 e6 5. O-O Rb8 6. Bg5 Be7 7. Nbd2 b5 8. c3
h6 9. Bxf6 Bxf6 10. e4 O-O 11. Re1 Na5 12. Qc2 Nc4 13. Nxc4 dxc4 14. b3 cxb3
15. axb3 a6 16. e5 Be7 17. b4 a5 18. Rxa5 c5 19. dxc5 Bxc5 20. Raa1 Bb6 21.
Rad1 Qc7 22. Rd6 Bb7 23. Nd4 Bxg2 24. Kxg2 Bxd4 25. Rxd4 Rfc8 26. Qd3 Qc6+ 27.
Kg1 Rc7 28. Rd8+ Rxd8 29. Qxd8+ Kh7 30. Qd3+ g6 31. Rd1 Ra7 32. h4 h5 33. Qd4
Qf3 34. Qxa7 Qxd1+ 35. Kh2 Kg7 36. Qe3 Qf1 37. Qd2 1/2-1/2

[Event "Superettan(Schack 08-Lulea)"]
[Site "?"]
[Date "2012.03.09"]
[Round "7"]
[White "Faldt, Magnus"]
[Black "Almstrom, Martin"]
[Result "1/2-1/2"]
[WhiteElo "2216"]
[BlackElo "2250"]
[PlyCount "93"]
[EventDate "2012.??.??"]

1. d4 Nf6 2. c4 e6 3. Nc3 Bb4 4. Qc2 d5 5. cxd5 exd5 6. a3 Bxc3+ 7. Qxc3 Ne4 8.
Qc2 Bf5 9. Qa4+ Nc6 10. Nf3 O-O 11. e3 Ng5 12. Be2 Nxf3+ 13. Bxf3 Bd3 14. Qb3
Bc4 15. Qc3 a5 16. b3 Ba6 17. Qc5 Ne7 18. Qxa5 Be2 19. Qd2 Bxf3 20. gxf3 Nf5
21. Bb2 Nh4 22. Qe2 Qf6 23. f4 Rfe8 24. Rg1 Ra6 25. Rg5 Nf5 26. Qd3 g6 27.
O-O-O h6 28. Rg4 Kh7 29. Kb1 Qe6 30. Rdg1 Rea8 31. h3 Qe7 32. a4 c6 33. Rc1 Qe6
34. Rgg1 Nd6 35. Ba3 b5 36. Bxd6 Qxd6 37. Rc5 bxa4 38. b4 Rb6 39. f5 Rxb4+ 40.
Ka1 Rab8 41. fxg6+ fxg6 42. Qa3 R8b6 43. Rgc1 Qd7 44. Rxc6 Rxc6 45. Rxc6 Qxc6
46. Qxb4 Kg7 47. Qe7+ 1/2-1/2

[Event "Superettan(Schack 08-Lulea)"]
[Site "?"]
[Date "2012.03.09"]
[Round "7"]
[White "Radovic, Stefan"]
[Black "Schutz, Ingemar"]
[Result "0-1"]
[WhiteElo "2191"]
[BlackElo "2233"]
[PlyCount "90"]
[SourceDate "2012.03.14"]

1. c4 g6 2. g3 Bg7 3. Bg2 d6 4. Nf3 Nf6 5. Nc3 O-O 6. O-O Nc6 7. d3 e5 8. Rb1
a5 9. a3 Bf5 10. Nd2 Qd7 11. Re1 Bh3 12. Bh1 h6 13. b4 axb4 14. axb4 Ng4 15. b5
Nd8 16. Bb2 f5 17. Ra1 Rb8 18. Qb3 Ne6 19. Bd5 c6 20. Bh1 Nc5 21. Qc2 e4 22.
Na4 e3 23. fxe3 Nxe3 24. Qc1 f4 25. Nxc5 dxc5 26. Bxg7 Kxg7 27. bxc6 bxc6 28.
Qc3+ Kh7 29. Ne4 Qf7 30. Nd6 Qe7 31. Ne4 fxg3 32. hxg3 Rf7 33. Bf3 Rbf8 34. d4
cxd4 35. Qxd4 Nc2 36. Qc3 Nxe1 37. Rxe1 Bf5 38. Nf2 Qc5 39. Kg2 h5 40. Nd3 Bxd3
41. Qxd3 Rf6 42. Rb1 Qg5 43. Rb7+ Kh6 44. Rc7 h4 45. g4 Qf4 0-1

[Event "Superettan(Schack 08-Lulea)"]
[Site "?"]
[Date "2012.03.09"]
[Round "7"]
[White "Ottenklev, Niclas"]
[Black "Engstrom, Kaj"]
[Result "0-1"]
[WhiteElo "2220"]
[BlackElo "2258"]
[PlyCount "50"]

1. e4 c5 2. Nf3 e6 3. Qe2 Nc6 4. c3 d5 5. d3 b6 6. g3 Ba6 7. e5 Nge7 8. Bg2 h6
9. h4 b5 10. O-O b4 11. c4 Rc8 12. b3 Nf5 13. Bb2 g5 14. hxg5 hxg5 15. cxd5 g4
16. Nh2 Ncd4 17. Qxg4 Bxd3 18. dxe6 fxe6 19. Rd1 Nh6 20. Qh5+ Nf7 21. Qg4 Nxe5
22. Bxd4 Nxg4 23. Bxh8 Nxh2 24. Kxh2 Qg5 25. Kg1 Qh5 0-1